[Event "TOP 16 Jeunes "]
[Site "Agneaux"]
[Date "2010.05.23"]
[Round "10.2"]
[White "Bouyssieres, Max"]
[Black "Deslias, Gregoire"]
[Result "1-0"]
[WhiteElo "1702"]
[BlackElo "1961"]
[PlyCount "65"]
[EventDate "2010.05.23"]
[EventType "team-match"]
[EventCountry "FRA"]

1. e4 c5 2. Nf3 Nc6 3. d4 cxd4 4. Nxd4 Qb6 5. Nb3 Nf6 6. Nc3 e6 7. Be3 Qc7 8.
f4 Bb4 9. Bd3 e5 10. O-O Bxc3 11. bxc3 d5 12. fxe5 Ng4 13. Bc5 Qxe5 14. g3 Be6
15. exd5 Qxd5 16. c4 Qh5 17. Qe2 Nf6 18. Qf2 Ng4 19. Qg2 Nge5 20. Rf4 Nd7 21.
Bd6 O-O-O 22. Be4 Ndb8 23. c5 Bh3 24. Qf2 Be6 25. Rb1 Rd7 26. Qd2 g5 27. Rf2
Qh6 28. Na5 Nxa5 29. Qxa5 a6 30. Qb6 f5 31. Bxb7+ Rxb7 32. Qxb7+ Kd8 33. Qc7+
1-0

[Event "TOP 16 Jeunes "]
[Site "Agneaux"]
[Date "2010.05.23"]
[Round "10.3"]
[White "Purenne, Benoit"]
[Black "Dupouy, Francois"]
[Result "1-0"]
[WhiteElo "1880"]
[BlackElo "1801"]
[PlyCount "73"]
[EventDate "2010.05.23"]
[EventType "team-match"]
[EventCountry "FRA"]

1. e4 e6 2. d4 d5 3. Nc3 Bb4 4. e5 c5 5. a3 Bxc3+ 6. bxc3 Qc7 7. Nf3 Nc6 8. h4
f6 9. Bf4 Nge7 10. Qd2 Ng6 11. Bg3 fxe5 12. h5 Nge7 13. Nxe5 Nf5 14. Bf4 Nd6
15. h6 g5 16. Nxc6 gxf4 17. Ne5 cxd4 18. cxd4 Ne4 19. Bb5+ Kd8 20. Qxf4 Qa5+
21. Kd1 Nc3+ 22. Kc1 Qxb5 23. Qf6+ Kc7 24. Qxh8 Ne2+ 25. Kd2 Nxd4 26. Qxh7+ Kd6
27. Nf7+ Kc5 28. Qd3 Qxd3+ 29. Kxd3 e5 30. h7 Bf5+ 31. Kd2 Bxh7 32. Rxh7 e4 33.
Rh8 Rxh8 34. Nxh8 Ne6 35. Nf7 d4 36. Rh1 Nf4 37. g3 1-0

[Event "TOP 16 Jeunes "]
[Site "Agneaux"]
[Date "2010.05.23"]
[Round "10.4"]
[White "Wassen, Antoine"]
[Black "Le Bastard, Ronan"]
[Result "1-0"]
[WhiteElo "1679"]
[BlackElo "1574"]
[PlyCount "61"]
[EventDate "2010.05.23"]
[EventType "team-match"]
[EventCountry "FRA"]

1. d4 d5 2. c4 e6 3. Nc3 Nf6 4. Nf3 c6 5. e3 Nbd7 6. Bd3 Bd6 7. e4 dxe4 8. Nxe4
Nxe4 9. Bxe4 O-O 10. O-O f5 11. Bc2 a6 12. Re1 Nf6 13. Bg5 Qd7 14. Bxf6 Rxf6
15. c5 Bc7 16. b4 Qd5 17. Bb3 Qd8 18. Ng5 Qe7 19. d5 cxd5 20. Qxd5 Kh8 21. Nxe6
Bxe6 22. Rxe6 Rxe6 23. Qxe6 Qh4 24. g3 Qxb4 25. Qxf5 Qd4 26. Rd1 Qb2 27. Rd7 g6
28. Qf7 Qc1+ 29. Kg2 Qh6 30. Qf6+ Qg7 31. Qxg7# 1-0

[Event "TOP 16 Jeunes "]
[Site "Agneaux"]
[Date "2010.05.23"]
[Round "10.5"]
[White "Ginovart, Axel"]
[Black "Jouanneau, Gatien"]
[Result "1-0"]
[WhiteElo "1748"]
[BlackElo "1560"]
[PlyCount "77"]
[EventDate "2010.05.23"]
[EventType "team-match"]
[EventCountry "FRA"]

1. e4 e5 2. Nf3 Nc6 3. Bb5 Bc5 4. O-O Nf6 5. Re1 O-O 6. c3 Re8 7. d3 d6 8. Bg5
Bd7 9. a4 a6 10. Bc4 Be6 11. Bb3 Na5 12. Bxe6 Rxe6 13. b4 Bxf2+ 14. Kxf2 Nc6
15. Kg1 Ne7 16. Kh1 Ng4 17. Qe2 Rg6 18. Bd2 f5 19. Nh4 Rh6 20. Bxh6 Nxh6 21.
exf5 Nexf5 22. Nxf5 Nxf5 23. Nd2 Qh4 24. Kg1 Rf8 25. Nf3 Qh6 26. Qd2 Qf6 27.
Qg5 Qe6 28. Qd2 Nh6 29. Qa2 d5 30. Rxe5 Qg6 31. Rxd5 Kh8 32. Re1 Ng8 33. Ne5
Qf6 34. Nd7 Qxc3 35. Qa1 Qxb4 36. Nxf8 Qxf8 37. Qe5 Nf6 38. Qe7 Qg8 39. Rd8 1-0

[Event "TOP 16 Jeunes "]
[Site "Agneaux"]
[Date "2010.05.24"]
[Round "11.1"]
[White "Giroyan, Gary"]
[Black "Barbaras, Matthieu"]
[Result "1-0"]
[WhiteElo "2220"]
[BlackElo "1957"]
[PlyCount "53"]
[EventDate "2010.05.23"]
[EventType "team-match"]
[EventCountry "FRA"]

1. e4 c5 2. Nf3 Nc6 3. d4 cxd4 4. Nxd4 g6 5. c4 Nf6 6. Nc3 d6 7. Nc2 Bg7 8. Be2
Nd7 9. Bd2 O-O 10. O-O Nc5 11. b4 Ne6 12. Rc1 Ned4 13. Nxd4 Nxd4 14. Be3 Nc6
15. a3 a5 16. b5 Ne5 17. c5 dxc5 18. Bxc5 Nd7 19. Be3 e6 20. Qd2 Qe7 21. Nb1 f5
22. Rfd1 fxe4 23. Rxc8 Raxc8 24. Qxd7 Qxd7 25. Rxd7 Rc2 26. Bg4 Rfc8 27. g3 1-0

[Event "TOP 16 Jeunes "]
[Site "Agneaux"]
[Date "2010.05.24"]
[Round "11.2"]
[White "Wurtz, Guillaume"]
[Black "Neri, Jean Baptiste"]
[Result "1/2-1/2"]
[WhiteElo "1879"]
[BlackElo "2004"]
[PlyCount "54"]
[EventDate "2010.05.23"]
[EventType "team-match"]
[EventCountry "FRA"]

1. c4 c5 2. g3 g6 3. Bg2 Bg7 4. Nc3 Nc6 5. e4 d6 6. Nge2 e6 7. O-O Nge7 8. d3
O-O 9. Be3 Nd4 10. Qd2 Nec6 11. Bh6 a6 12. Bxg7 Kxg7 13. Nxd4 cxd4 14. Ne2 e5
15. f4 f5 16. Rac1 Be6 17. a3 Qa5 18. Qxa5 Nxa5 19. b4 Nc6 20. c5 fxe4 21. Bxe4
d5 22. Bg2 Bg4 23. Rce1 e4 24. dxe4 d3 25. Nc3 d4 26. Nb1 Be2 27. Rf2 g5
1/2-1/2

[Event "TOP 16 Jeunes "]
[Site "Agneaux"]
[Date "2010.05.24"]
[Round "11.3"]
[White "Lamard, Guillaume"]
[Black "Bellahcene, Rayane"]
[Result "1-0"]
[WhiteElo "2126"]
[BlackElo "1879"]
[PlyCount "69"]
[EventDate "2010.05.23"]
[EventType "team-match"]
[EventCountry "FRA"]

1. d4 d5 2. Nf3 e6 3. c4 Nf6 4. g3 Be7 5. Bg2 O-O 6. O-O dxc4 7. Qc2 a6 8. a4
c5 9. Qxc4 Qd5 10. Qxd5 Nxd5 11. Nc3 b6 12. Nxd5 exd5 13. a5 b5 14. dxc5 Bxc5
15. Rd1 Be6 16. Ne5 Rd8 17. Nd3 Bd6 18. e4 dxe4 19. Bxe4 Ra7 20. Nc5 Bg4 21.
Bf4 Bxd1 22. Rxd1 f5 23. Rxd6 Rxd6 24. Bxd6 fxe4 25. Bxb8 Ra8 26. Bc7 Kf7 27.
Kg2 Kf6 28. Nxe4+ Ke6 29. b4 Kd5 30. f3 Kc4 31. Bd6 Rd8 32. Bc5 Rd5 33. g4 Rd1
34. h4 Rb1 35. Nd6+ 1-0

[Event "TOP 16 Jeunes "]
[Site "Agneaux"]
[Date "2010.05.24"]
[Round "11.4"]
[White "Fischer, Julie"]
[Black "Haussernot, Cecile"]
[Result "0-1"]
[WhiteElo "1741"]
[BlackElo "1971"]
[PlyCount "60"]
[EventDate "2010.05.23"]
[EventType "team-match"]
[EventCountry "FRA"]

1. e4 c5 2. Nf3 d6 3. Bb5+ Bd7 4. Bxd7+ Qxd7 5. O-O Nf6 6. Re1 Nc6 7. b3 e6 8.
Bb2 Be7 9. d4 cxd4 10. Nxd4 O-O 11. c4 Nxd4 12. Qxd4 e5 13. Qd2 Qg4 14. Nc3 Nh5
15. Nd5 Rae8 16. f3 Qg6 17. Ba3 Bh4 18. Re2 f5 19. exf5 Rxf5 20. Re4 Bg5 21.
Qf2 Nf4 22. Nxf4 Bxf4 23. g3 Bh6 24. Rd1 Rf6 25. Kg2 Ref8 26. Qxa7 Rxf3 27.
Qxb7 Rf2+ 28. Kg1 Qh5 29. Qd5+ Kh8 30. h4 Qf3 0-1

[Event "TOP 16 Jeunes "]
[Site "Agneaux"]
[Date "2010.05.24"]
[Round "11.5"]
[White "Froment, Theophile"]
[Black "Bellahcene, Bilel"]
[Result "0-1"]
[WhiteElo "1838"]
[BlackElo "2119"]
[PlyCount "88"]
[EventDate "2010.05.23"]
[EventType "team-match"]
[EventCountry "FRA"]

1. e4 c5 2. Nf3 Nc6 3. Nc3 g6 4. d4 cxd4 5. Nxd4 Bg7 6. Be3 Nf6 7. Bc4 d6 8.
Bb3 Ng4 9. Nxc6 bxc6 10. Bf4 O-O 11. O-O Qa5 12. Qd2 Ba6 13. Rfd1 Kh8 14. h3
Ne5 15. Bh6 Bxh6 16. Qxh6 f5 17. Qh4 Rae8 18. exf5 Rxf5 19. Ne4 Bc4 20. Ng5
Rxg5 21. Kh1 Rh5 22. Qe4 Bxb3 23. axb3 Qc5 24. f3 Qf2 25. Rf1 Qg3 26. Rxa7 Rh4
27. Qe3 Qf4 28. Qc3 Qd4 29. Qa5 Qxb2 30. Rxe7 Rf8 31. Qc7 Qd4 32. f4 Ng4 33.
Rf7 Rxf7 34. Qxf7 Qf6 35. Qd7 Nh6 36. Re1 Rxf4 37. Qxc6 Rf1+ 38. Rxf1 Qxf1+ 39.
Kh2 Nf5 40. b4 Qf4+ 41. Kg1 Qxb4 42. Qe8+ Kg7 43. Qd7+ Kh6 44. Qc8 Qc5+ 0-1

[Event "TOP 16 Jeunes "]
[Site "Agneaux"]
[Date "2010.05.24"]
[Round "11.6"]
[White "Pluvinage, Jerome"]
[Black "Meunier, Clement"]
[Result "0-1"]
[WhiteElo "1580"]
[BlackElo "1788"]
[PlyCount "28"]
[EventDate "2010.05.23"]
[EventType "team-match"]
[EventCountry "FRA"]

1. c4 Nf6 2. g3 e6 3. Bg2 d5 4. cxd5 exd5 5. d4 Bd6 6. Bg5 c6 7. Nf3 h6 8. Bd2
Bf5 9. Nc3 Nbd7 10. O-O O-O 11. a3 Re8 12. b4 Ne4 13. Re1 Nb6 14. Kh1 Nxf2+ 0-1

[Event "TOP 16 Jeunes "]
[Site "Agneaux"]
[Date "2010.05.24"]
[Round "11.1"]
[White "Saatdjian, Stephane"]
[Black "Sochacki, Christophe"]
[Result "0-1"]
[WhiteElo "2009"]
[BlackElo "2343"]
[PlyCount "88"]
[EventDate "2010.05.23"]
[EventType "team-match"]
[EventCountry "FRA"]

1. e4 c5 2. Nf3 d6 3. d4 cxd4 4. Nxd4 Nf6 5. Nc3 Nc6 6. Be3 g6 7. f3 Bg7 8. Qd2
O-O 9. O-O-O d5 10. Qe1 e5 11. Nxc6 bxc6 12. exd5 Nxd5 13. h4 Be6 14. Ne4 Qc7
15. Bc5 Rfd8 16. Bc4 Nf4 17. Bxe6 Nxe6 18. Bd6 Qb6 19. Qb4 Nf4 20. Qc4 Nxg2 21.
Bc5 Qb5 22. Qxb5 cxb5 23. a3 f5 24. Nc3 Rxd1+ 25. Rxd1 Nxh4 26. Nxb5 Nxf3 27.
Bxa7 Bh6+ 28. Kb1 e4 29. Bc5 Nd2+ 30. Ka2 e3 31. Re1 Ra5 32. Bxe3 Bxe3 33. Rxe3
Rxb5 34. Rd3 Nc4 35. b3 Ne5 36. Rd8+ Kf7 37. c4 Rb7 38. c5 f4 39. Rh8 Ke6 40.
b4 f3 41. Rd8 Rd7 42. Re8+ Kd5 43. c6 Nxc6 44. Re1 Nd4 0-1

[Event "TOP 16 Jeunes "]
[Site "Agneaux"]
[Date "2010.05.24"]
[Round "11.2"]
[White "Eden, James"]
[Black "Msellek, Illyass"]
[Result "1/2-1/2"]
[WhiteElo "2070"]
[BlackElo "2024"]
[PlyCount "102"]
[EventDate "2010.05.23"]
[EventType "team-match"]
[EventCountry "FRA"]

1. e4 c5 2. c3 d5 3. exd5 Qxd5 4. d4 Nf6 5. Nf3 Bg4 6. Qa4+ Nbd7 7. Bc4 Qe4+ 8.
Be3 e6 9. Nbd2 Qc6 10. Bb5 Qc8 11. Ne5 h5 12. Bg5 a6 13. Bxd7+ Nxd7 14. Qxd7+
Qxd7 15. Nxd7 Kxd7 16. Nc4 f6 17. Be3 Kc6 18. Na5+ Kb6 19. dxc5+ Bxc5 20. Bxc5+
Kxc5 21. Nxb7+ Kb6 22. Nd6 Rhd8 23. Nc4+ Kc5 24. Ne3 g5 25. Nxg4 hxg4 26. Rd1
Rab8 27. Rxd8 Rxd8 28. Ke2 a5 29. Rd1 Rb8 30. b3 f5 31. f3 gxf3+ 32. Kxf3 Rh8
33. h3 e5 34. Rd7 e4+ 35. Ke3 Re8 36. g3 Rf8 37. Rg7 Rd8 38. Rc7+ Kb6 39. Rc4
Rd3+ 40. Kf2 Rd2+ 41. Kf1 Rxa2 42. g4 fxg4 43. hxg4 Rb2 44. Rxe4 Rxb3 45. Re6+
Kb7 46. Re5 a4 47. Rxg5 Rxc3 48. Kf2 a3 49. Ra5 Kb6 50. Ra8 Kb5 51. g5 Rc5
1/2-1/2

[Event "TOP 16 Jeunes "]
[Site "Agneaux"]
[Date "2010.05.24"]
[Round "11.3"]
[White "Ralaivao, Maxence"]
[Black "Bayart, Jules"]
[Result "1-0"]
[WhiteElo "1826"]
[BlackElo "1810"]
[PlyCount "47"]
[EventDate "2010.05.23"]
[EventType "team-match"]
[EventCountry "FRA"]

1. d4 e6 2. c4 f5 3. Nf3 Nf6 4. a3 c6 5. Bg5 d5 6. Nc3 Bd6 7. e3 O-O 8. Rc1 Qe8
9. cxd5 exd5 10. Bxf6 Rxf6 11. Bd3 Rh6 12. Ne2 f4 13. e4 dxe4 14. Bc4+ Be6 15.
d5 exf3 16. dxe6 fxg2 17. Rg1 Bc7 18. Nd4 Rxh2 19. Qg4 Rh6 20. Rxg2 Rg6 21. Qf5
Nd7 22. Rxg6 hxg6 23. e7+ Kh7 24. Qh3# 1-0

[Event "TOP 16 Jeunes "]
[Site "Agneaux"]
[Date "2010.05.24"]
[Round "11.4"]
[White "Dumas, Charles"]
[Black "Stark, Gabriel"]
[Result "0-1"]
[WhiteElo "1787"]
[BlackElo "1758"]
[PlyCount "56"]
[EventDate "2010.05.23"]
[EventType "team-match"]
[EventCountry "FRA"]

1. e4 e6 2. d4 d5 3. e5 c5 4. c3 Qb6 5. a3 Nc6 6. Nf3 Nge7 7. b4 cxd4 8. cxd4
Bd7 9. Be2 Nf5 10. Bb2 Be7 11. O-O f6 12. g4 Nh6 13. h3 Nf7 14. Re1 O-O-O 15.
Nc3 Rhf8 16. Na4 Qc7 17. b5 Na5 18. Rc1 Nc4 19. Bxc4 dxc4 20. b6 axb6 21. Rxc4
Bc6 22. Rc1 fxe5 23. Qb3 Kb8 24. Nxe5 Nxe5 25. dxe5 Rd2 26. Rf1 Bh4 27. Nc3
Bxf2+ 28. Rxf2 Rdxf2 0-1

[Event "TOP 16 Jeunes "]
[Site "Agneaux"]
[Date "2010.05.24"]
[Round "11.5"]
[White "Stark, Antoine"]
[Black "Fraval, Julie"]
[Result "1-0"]
[WhiteElo "1674"]
[BlackElo "1648"]
[PlyCount "43"]
[EventDate "2010.05.23"]
[EventType "team-match"]
[EventCountry "FRA"]

1. d4 d5 2. c4 Bf5 3. Nc3 Nf6 4. Qb3 e5 5. dxe5 Ng4 6. Nf3 Nd7 7. cxd5 Ngxe5 8.
Nxe5 Nxe5 9. e4 Bg6 10. f4 Nd7 11. Be2 f5 12. e5 Be7 13. Qxb7 O-O 14. Bc4 Kh8
15. O-O Nb6 16. Qa6 Nxc4 17. Qxc4 Rb8 18. b3 Rb4 19. Qd3 Bc5+ 20. Be3 Bxe3+ 21.
Qxe3 Be8 22. Qc5 1-0

[Event "TOP 16 Jeunes "]
[Site "Agneaux"]
[Date "2010.05.24"]
[Round "11.6"]
[White "Roque, Gaetan"]
[Black "Boudia, Samy"]
[Result "0-1"]
[WhiteElo "1562"]
[BlackElo "1652"]
[PlyCount "54"]
[EventDate "2010.05.23"]
[EventType "team-match"]
[EventCountry "FRA"]

1. d4 Nf6 2. c4 g6 3. Nc3 Bg7 4. e4 d6 5. Be2 O-O 6. g4 Nfd7 7. g5 Re8 8. h4
Nf8 9. h5 Nc6 10. Be3 e5 11. d5 Nd4 12. Bf3 c5 13. Nce2 b5 14. Nxd4 exd4 15.
Bd2 bxc4 16. Qa4 Bf5 17. O-O-O Bxe4 18. Re1 Bf5 19. Rxe8 Qxe8 20. Qxe8 Rxe8 21.
Ne2 Nd7 22. Bf4 Ne5 23. Bxe5 Bxe5 24. Kd1 Rb8 25. Kc1 c3 26. b3 d3 27. Kd1
dxe2+ 0-1

[Event "TOP 16 Jeunes "]
[Site "Agneaux"]
[Date "2010.05.24"]
[Round "11.1"]
[White "Thon, Gabriel"]
[Black "Ider, Borya"]
[Result "0-1"]
[WhiteElo "2109"]
[BlackElo "2284"]
[PlyCount "118"]
[EventDate "2010.05.23"]
[EventType "team-match"]
[EventCountry "FRA"]

1. e4 e6 2. d4 d5 3. Nd2 Be7 4. Bd3 c5 5. exd5 Qxd5 6. Ngf3 cxd4 7. O-O Nf6 8.
Nb3 e5 9. Qe2 Nc6 10. Bc4 Qd6 11. Bb5 Nd7 12. Re1 O-O 13. Bxc6 Qxc6 14. Nxe5
Nxe5 15. Qxe5 Bf6 16. Qc5 Qxc5 17. Nxc5 Bf5 18. Nd3 Rac8 19. Re2 g5 20. b3 Rfe8
21. Rxe8+ Rxe8 22. Bd2 Rc8 23. Rc1 Be7 24. Kf1 Ba3 25. Rd1 f6 26. h4 gxh4 27.
Bf4 Rxc2 28. Ne1 Rxa2 29. Rxd4 Bc5 30. Rd2 Rxd2 31. Bxd2 h3 32. gxh3 Bxh3+ 33.
Ke2 Bf5 34. b4 Bd6 35. Ng2 h5 36. Ne3 Be6 37. Ng2 a6 38. f4 Kf7 39. Nh4 Bd5 40.
Kd3 Be6 41. Ke4 Bc7 42. Nf3 Bg4 43. Nh4 Bb6 44. Be1 Ke6 45. f5+ Kf7 46. Ng2 Bc7
47. Ne3 Be2 48. Nd5 Be5 49. Nf4 Bd1 50. Ke3 Bd6 51. Ne6 Ke7 52. Nf4 Be5 53. Nd3
Bd6 54. Nf4 Kd7 55. Bc3 Bg4 56. Ke4 h4 57. Nd5 Bd1 58. Nxf6+ Kc6 59. Ne8 h3 0-1

[Event "TOP 16 Jeunes "]
[Site "Agneaux"]
[Date "2010.05.24"]
[Round "11.2"]
[White "Muheim, Sebastien"]
[Black "Gueriche, Guillaume"]
[Result "1-0"]
[WhiteElo "2086"]
[BlackElo "2042"]
[PlyCount "75"]
[EventDate "2010.05.23"]
[EventType "team-match"]
[EventCountry "FRA"]

1. d4 Nf6 2. c4 g6 3. Nc3 d5 4. cxd5 Nxd5 5. e4 Nxc3 6. bxc3 Bg7 7. Bc4 O-O 8.
Ne2 c5 9. O-O Nc6 10. Be3 Na5 11. Bd3 c4 12. Bc2 b6 13. Qd2 Re8 14. f4 Nb7 15.
Ng3 Nd6 16. f5 b5 17. Bh6 e6 18. f6 Bh8 19. e5 Nf5 20. Nxf5 exf5 21. Bxf5 Bxf5
22. Rxf5 Qb6 23. Re1 Rad8 24. Rf3 b4 25. Be3 Qc6 26. Qb2 a5 27. cxb4 Rb8 28. a3
axb4 29. axb4 Qd5 30. Bd2 Re6 31. Bc3 Reb6 32. Qd2 h5 33. Qe3 Re8 34. Qf4 Rbe6
35. Ra1 Qb7 36. Ra5 Bxf6 37. exf6 Re2 38. Rxh5 1-0

[Event "TOP 16 Jeunes "]
[Site "Agneaux"]
[Date "2010.05.24"]
[Round "11.3"]
[White "Malka, Samuel"]
[Black "Viennot, Dylan"]
[Result "1-0"]
[WhiteElo "1904"]
[BlackElo "1998"]
[PlyCount "79"]
[EventDate "2010.05.23"]
[EventType "team-match"]
[EventCountry "FRA"]

1. d4 Nf6 2. c4 g6 3. Nc3 Bg7 4. e4 d6 5. Nf3 O-O 6. Be2 e5 7. Be3 Ng4 8. Bg5
f6 9. Bh4 Nc6 10. d5 Ne7 11. Nd2 h5 12. h3 Nh6 13. f3 c5 14. Bf2 f5 15. Be3 a6
16. a3 f4 17. Bf2 g5 18. b4 b6 19. Rb1 Bd7 20. a4 a5 21. bxc5 bxc5 22. Nb5 Nc8
23. Rb3 Rf6 24. Qb1 Bf8 25. Nc3 Rg6 26. Rb7 g4 27. Nb5 gxh3 28. gxh3 Be7 29. h4
Ra6 30. Nc7 Ra7 31. Rxa7 Nxa7 32. Ne6 Bxe6 33. dxe6 Qc7 34. Qd3 Rxe6 35. Qd5
Qc8 36. Bf1 Kf7 37. Bh3 Ng8 38. Rg1 Nf6 39. Bxe6+ Qxe6 40. Rg7+ 1-0

[Event "TOP 16 Jeunes "]
[Site "Agneaux"]
[Date "2010.05.24"]
[Round "11.4"]
[White "Messinger, Karl"]
[Black "Bombail, Leonard"]
[Result "1-0"]
[WhiteElo "1883"]
[BlackElo "1746"]
[PlyCount "113"]
[EventDate "2010.05.23"]
[EventType "team-match"]
[EventCountry "FRA"]

1. e4 e5 2. Nf3 Nc6 3. Bb5 a6 4. Ba4 d6 5. c3 Bd7 6. O-O g6 7. Re1 Bg7 8. h3
Nf6 9. d4 O-O 10. Nbd2 Nh5 11. Nf1 Re8 12. Bc2 h6 13. Be3 Nf6 14. Ng3 b5 15.
Qd2 Kh7 16. Nh2 b4 17. d5 bxc3 18. Qxc3 Ne7 19. f3 Rf8 20. Bd3 Ne8 21. Ne2 f5
22. b4 c6 23. dxc6 Bxc6 24. Qc2 d5 25. Bc5 dxe4 26. Bxe7 Qxe7 27. Qxc6 exd3 28.
Qxa8 dxe2 29. Qxa6 Qxb4 30. Qxe2 Nd6 31. Rab1 Qd4+ 32. Qe3 Nc4 33. Qf2 Ra8 34.
Qxd4 exd4 35. Rbc1 Ne3 36. Nf1 Rxa2 37. Nxe3 dxe3 38. Rc7 f4 39. Rf7 g5 40. Kf1
Kg6 41. Rc7 Bd4 42. Rc4 Rf2+ 43. Kg1 Rd2 44. Kf1 Rf2+ 45. Kg1 Rd2 46. Kf1 Kh5
47. Re2 Rd3 48. Rc1 Kh4 49. Rce1 Kg3 50. Rc2 Bc3 51. Rec1 Bd2 52. Rd1 Rd6 53.
Ra2 Rc6 54. Ke2 Kxg2 55. Raa1 Kg3 56. h4 g4 57. Rg1+ 1-0

[Event "TOP 16 Jeunes "]
[Site "Agneaux"]
[Date "2010.05.24"]
[Round "11.5"]
[White "Colin, Enzo"]
[Black "Devoille, Hugo"]
[Result "0-1"]
[WhiteElo "1600"]
[BlackElo "1719"]
[PlyCount "102"]
[EventDate "2010.05.23"]
[EventType "team-match"]
[EventCountry "FRA"]

1. e4 c5 2. Nf3 e6 3. d4 cxd4 4. Nxd4 Nc6 5. Nb5 d6 6. Bf4 e5 7. Be3 a6 8. N5c3
Nf6 9. Bg5 Be7 10. Bxf6 Bxf6 11. Nd2 Be6 12. Nc4 Be7 13. Ne3 O-O 14. Ncd5 Bg5
15. Be2 Bxe3 16. Nxe3 Qd7 17. c3 Rad8 18. Bf3 Ne7 19. O-O Kh8 20. a3 f5 21.
exf5 Nxf5 22. Nxf5 Bxf5 23. Qd5 Rf7 24. Rad1 Be6 25. Qe4 Qc7 26. Qb4 b6 27.
Rfe1 h6 28. Qh4 Rdf8 29. Rd2 Qc5 30. Red1 Rf4 31. Qe7 Bb3 32. Rf1 R8f6 33. Qd8+
Bg8 34. Qd7 Bc4 35. Re1 Bf7 36. Qe7 Bh5 37. Re3 Bf7 38. Qd7 Bg8 39. b4 Qb5 40.
Rxd6 Rxd6 41. Qxd6 Rf5 42. Qg6 Qd7 43. Bg4 Qd2 44. h3 Qxf2+ 45. Kh2 Rg5 46.
Qxb6 h5 47. a4 hxg4 48. hxg4 Qf4+ 49. Kg1 Qxg4 50. Rh3+ Qxh3 51. Qc6 Qe3+ 0-1

[Event "TOP 16 Jeunes "]
[Site "Agneaux"]
[Date "2010.05.24"]
[Round "11.6"]
[White "Veys, Vincent"]
[Black "Caslani, Nicolas"]
[Result "1-0"]
[WhiteElo "1687"]
[BlackElo "1559"]
[PlyCount "124"]
[EventDate "2010.05.23"]
[EventType "team-match"]
[EventCountry "FRA"]

1. e4 e5 2. Nf3 Nc6 3. Bb5 a6 4. Ba4 Nf6 5. O-O Be7 6. Re1 b5 7. Bb3 O-O 8. c3
d5 9. exd5 Nxd5 10. Nxe5 Nxe5 11. Rxe5 c6 12. d4 Bd6 13. Re1 Qh4 14. g3 Qh3 15.
Qd3 Bg4 16. Qf1 Qh5 17. Be3 Rae8 18. Bxd5 cxd5 19. Nd2 f5 20. f4 Re6 21. Qg2
Rfe8 22. Bf2 Qf7 23. Rxe6 Rxe6 24. Re1 Rxe1+ 25. Bxe1 Qe6 26. Qf2 b4 27. Nf1 a5
28. Qe3 Qd7 29. cxb4 axb4 30. Qb3 Qb5 31. a4 Qc6 32. Ne3 Bf3 33. Nxf5 Be4 34.
Nxd6 Qxd6 35. Qxb4 Qa6 36. Qb5 Qe6 37. Bb4 Bg6 38. Qb8+ Be8 39. Qe5 Qc6 40. Qe7
h6 41. f5 Qc1+ 42. Qe1 Qxe1+ 43. Bxe1 Bxa4 44. Kf2 Kf7 45. Ke3 Kf6 46. Kf4 Bd7
47. g4 Bb5 48. h4 g5+ 49. fxg6 Kxg6 50. h5+ Kg7 51. g5 Be2 52. b4 Bxh5 53.
gxh6+ Kxh6 54. b5 Be8 55. b6 Bc6 56. Ke5 Kg5 57. Kd6 Ba8 58. Kc7 Kf4 59. b7
Bxb7 60. Kxb7 Ke3 61. Bc3 Kd3 62. Ba1 Kc2 1-0

[Event "TOP 16 Jeunes "]
[Site "Agneaux"]
[Date "2010.05.24"]
[Round "11.1"]
[White "Loiseau, Quentin"]
[Black "Lagarde, Maxime"]
[Result "0-1"]
[WhiteElo "2207"]
[BlackElo "2387"]
[PlyCount "58"]
[EventDate "2010.05.23"]
[EventType "team-match"]
[EventCountry "FRA"]

1. d4 Nf6 2. c4 g6 3. Nc3 Bg7 4. Nf3 O-O 5. e4 d6 6. Be2 Na6 7. O-O e5 8. Be3
c6 9. d5 Ng4 10. Bg5 f6 11. Bh4 c5 12. Ne1 h5 13. h3 Nh6 14. f3 Nf7 15. Nd3 Bh6
16. Bf2 f5 17. Rb1 Ng5 18. b4 cxb4 19. Nxb4 fxe4 20. Nxe4 Nxe4 21. fxe4 Rxf2
22. Rxf2 Nc5 23. Bf3 Be3 24. Nd3 Qg5 25. Nxc5 Bxc5 26. Kf1 b6 27. Rc2 Bxh3 28.
Qd2 Qg3 29. Qe1 Qxf3+ 0-1

[Event "TOP 16 Jeunes "]
[Site "Agneaux"]
[Date "2010.05.24"]
[Round "11.2"]
[White "Ane, Cedric"]
[Black "Gelin, Baptiste"]
[Result "1-0"]
[WhiteElo "2111"]
[BlackElo "1935"]
[PlyCount "55"]
[EventDate "2010.05.23"]
[EventType "team-match"]
[EventCountry "FRA"]

1. e4 e5 2. Nf3 Nc6 3. Nc3 Nf6 4. Bb5 Bc5 5. Nxe5 Bxf2+ 6. Kxf2 Nxe5 7. d4
Neg4+ 8. Kg1 O-O 9. h3 Nh6 10. Bg5 c6 11. Be2 d6 12. Qd2 Kh8 13. Bxh6 gxh6 14.
Qxh6 Rg8 15. Qf4 Rg6 16. Kh2 Be6 17. Rad1 Qg8 18. Rhg1 Re8 19. Bf3 Qg7 20. g4
Rg8 21. Rg2 Rh6 22. Rdg1 Rh4 23. e5 dxe5 24. dxe5 Nh5 25. Qe3 Qg6 26. Be4 Qg7
27. Bf5 Rxh3+ 28. Kxh3 1-0

[Event "TOP 16 Jeunes "]
[Site "Agneaux"]
[Date "2010.05.24"]
[Round "11.3"]
[White "Pruvot, Louis"]
[Black "Kambrath, Yannick"]
[Result "1/2-1/2"]
[WhiteElo "1909"]
[BlackElo "1995"]
[PlyCount "117"]
[EventDate "2010.05.23"]
[EventType "team-match"]
[EventCountry "FRA"]

1. d4 Nf6 2. Nf3 g6 3. c4 Bg7 4. Nc3 d5 5. cxd5 Nxd5 6. e4 Nxc3 7. bxc3 c5 8.
Be3 Qa5 9. Qd2 Nc6 10. Rc1 f5 11. e5 f4 12. Bxf4 Bg4 13. Be2 Rd8 14. O-O cxd4
15. cxd4 Qxd2 16. Bxd2 Bxf3 17. Bxf3 Nxd4 18. Bc3 Nxf3+ 19. gxf3 O-O 20. e6
Rxf3 21. Bxg7 Kxg7 22. Rc7 Kf6 23. Rxb7 Ra3 24. Rb2 Rd6 25. Rc1 Rxe6 26. Rc7
Rea6 27. Rbb7 Rxa2 28. Rxe7 h5 29. Kg2 R2a5 30. Re3 Rf5 31. Rf3 Rxf3 32. Kxf3
Ra3+ 33. Kg2 Ra5 34. Kf3 Kf5 35. Rf7+ Kg5 36. Rc7 Kh4 37. Rg7 Kg5 38. Rc7 Ra4
39. Kg2 h4 40. Rh7 Ra3 41. h3 a5 42. Ra7 a4 43. Ra6 Ra1 44. Kf3 a3 45. Ra5+ Kf6
46. Kg2 Ke6 47. Rg5 Kf6 48. Ra5 g5 49. Kh2 Kg6 50. Kg2 Ra2 51. Kf3 Kh5 52. Kg2
Kh6 53. Kf3 Kg6 54. Kg2 Kf6 55. Kf3 Ra1 56. Kg2 Kg6 57. Kh2 Rf1 58. Kg2 Ra1 59.
Kh2 {(=)} 1/2-1/2

[Event "TOP 16 Jeunes "]
[Site "Agneaux"]
[Date "2010.05.24"]
[Round "11.4"]
[White "Eid, Amine"]
[Black "Rouffignac, Tanguy"]
[Result "1/2-1/2"]
[WhiteElo "1874"]
[BlackElo "1897"]
[PlyCount "105"]
[EventDate "2010.05.23"]
[EventType "team-match"]
[EventCountry "FRA"]

1. Nf3 Nf6 2. d4 g6 3. Nc3 d5 4. Bf4 Bg7 5. Qd2 O-O 6. Bh6 Nbd7 7. Bxg7 Kxg7 8.
O-O-O e6 9. e4 dxe4 10. Ng5 b6 11. Ngxe4 Bb7 12. f3 Qe7 13. Bc4 Rfd8 14. Rhe1
c6 15. Qe2 Nd5 16. Bxd5 cxd5 17. Nf2 Rdc8 18. Ng4 Rc4 19. Ne5 Nxe5 20. Qxe5+
Qf6 21. f4 Qxe5 22. fxe5 f6 23. Nb5 fxe5 24. Nd6 Rc7 25. Rxe5 Re7 26. Nxb7 Rxb7
27. Rxe6 Rf8 28. c3 Rf2 29. Rd2 Rbf7 30. Ree2 R2f5 31. Kc2 Kf6 32. Kb3 Re7 33.
Rxe7 Kxe7 34. Kb4 a6 35. a4 Kd6 36. c4 dxc4 37. Kxc4 Rf4 38. h3 Kc6 39. g3 Rf3
40. Rd3 b5+ 41. axb5+ axb5+ 42. Kc3 Rf5 43. Kb4 Rd5 44. Kc3 Rf5 45. g4 Rf4 46.
Re3 Kd5 47. Re5+ Kc6 48. Re6+ Kd5 49. Re5+ Kc6 50. Kd3 Rf3+ 51. Re3 Rf2 52. b3
Kd5 53. Re5+ {(=)} 1/2-1/2

[Event "TOP 16 Jeunes "]
[Site "Agneaux"]
[Date "2010.05.24"]
[Round "11.5"]
[White "Guo, Louis"]
[Black "Banat, Rizlene"]
[Result "0-1"]
[WhiteElo "1559"]
[BlackElo "1638"]
[PlyCount "52"]
[EventDate "2010.05.23"]
[EventType "team-match"]
[EventCountry "FRA"]

1. e4 d6 2. d4 Nf6 3. Nc3 e5 4. Nf3 exd4 5. Nxd4 Be7 6. Bf4 O-O 7. Qd2 Nbd7 8.
O-O-O Nc5 9. f3 Ne6 10. Be3 Nxd4 11. Bxd4 Be6 12. g4 Nd7 13. f4 c5 14. Be3 Bxg4
15. Be2 Bxe2 16. Nxe2 Nf6 17. Ng3 Ng4 18. Rdg1 Nxe3 19. Qxe3 Bf6 20. Nf5 g6 21.
h4 Kh8 22. e5 gxf5 23. exf6 Qxf6 24. Rg5 Rfe8 25. Qh3 Qe6 26. Rd1 Rad8 0-1